| 000 | 00815cam a22002655a 4500 | ||
|---|---|---|---|
| 001 | 13257011 | ||
| 005 | 20170427143500.0 | ||
| 008 | 030630s2003 enka frb f001 0deng d | ||
| 020 | _a0192803948 | ||
| 020 | _a9780192803948 | ||
| 040 |
_aUKM _cUKM _dC#P _dDLC _dEG-ScBUE _beng |
||
| 082 | 0 | 4 |
_a192 _222 _bDUN |
| 100 | 1 |
_aDunn, John, _d1940- _938419 |
|
| 245 | 1 | 0 |
_aLocke : _ba very short introduction / _cJohn Dunn. |
| 260 |
_aOxford ; _aNew York : _bOxford University Press, _c2003. |
||
| 300 |
_a112 p. : _bill. ; _c18 cm. |
||
| 490 | 0 |
_aVery short introductions ; _v84 |
|
| 500 | _aIndex : p. 107-112. | ||
| 504 | _aBibliography : p. 101-106. | ||
| 600 | 1 | 0 |
_aLocke, John, _d1632-1704. |
| 650 | 7 |
_aPhilosophy, English _y17th century. _2BUEsh |
|
| 651 | _2BUEsh | ||
| 653 |
_bHHUUPPSS _cApril2017 |
||
| 942 | _2ddc | ||
| 999 |
_c24731 _d24703 |
||